000 00494nam a2200181Ia 4500
008 230711s9999||||xx |||||||||||||| ||und||
020 _a978-81-265-3986-4
041 _aENG
082 _a620.106
_bBA-C
100 _aBates,Paul D
245 0 _aComputational Fluid Dynamics : Applications in Environmental Hydraulics
250 _a1st Ed.
260 _c2013
_aNew Delhi
_bWiley India Pvt.Ltd
300 _a531p.
650 _aMechanical Engineering
700 _aLane,Stuart N
942 _cBK
999 _c6655
_d6655